Thinking anthropologically A practical guide for students
12 parts: Introduction to thiking anthropoligically; what anthropologists look for: patterns; thinking Holistically; thinking ; Includes bibliographical references and index
Αποθηκεύτηκε σε:
| Κύριος συγγραφέας: | |
|---|---|
| Μορφή: | Βιβλίο |
| Γλώσσα: | Undetermined |
| Έκδοση: |
Upper Saddle River, N.J.
Pearson Prentice Hall
2008
|
| Θέματα: | |
| Διαθέσιμο Online: | http://lrc.tdmu.edu.vn/opac/search/detail.asp?aID=2&ID=34331 |
| Ετικέτες: |
Προσθήκη ετικέτας
Δεν υπάρχουν, Καταχωρήστε ετικέτα πρώτοι!
|
| Thư viện lưu trữ: | Trung tâm Học liệu Trường Đại học Thủ Dầu Một |
|---|
| LEADER | 00929nam a2200217Ia 4500 | ||
|---|---|---|---|
| 001 | TDMU_34331 | ||
| 008 | 210410s9999 xx 000 0 und d | ||
| 082 | |a 495.68 | ||
| 090 | |b S103 | ||
| 100 | |a Salzman, Philip Carl | ||
| 245 | 0 | |a Thinking anthropologically | |
| 245 | 2 | |b A practical guide for students | |
| 245 | 0 | |c Philip Carl Salzman, Patricia C. Rice | |
| 260 | |a Upper Saddle River, N.J. | ||
| 260 | |b Pearson Prentice Hall | ||
| 260 | |c 2008 | ||
| 300 | |a 121 p. | ||
| 520 | |a 12 parts: Introduction to thiking anthropoligically; what anthropologists look for: patterns; thinking Holistically; thinking ; Includes bibliographical references and index | ||
| 650 | |a Anthropology |x Philosophy |x Methodology; Nhân chủng học |x Triết học |x Phương pháp luận | ||
| 856 | |u http://lrc.tdmu.edu.vn/opac/search/detail.asp?aID=2&ID=34331 | ||
| 980 | |a Trung tâm Học liệu Trường Đại học Thủ Dầu Một | ||